|
|
|
|
| LEADER |
00680nta a2200169 i 4500 |
| 001 |
dipl57636 |
| 005 |
20160615111833.0 |
| 008 |
160615s2013 hu om 0|| hun d |
| 040 |
|
|
|a SZTE Diploma Repozitórium
|b hun
|
| 041 |
|
|
|a hun
|
| 100 |
1 |
|
|a Márton Ádám Bence
|
| 245 |
1 |
2 |
|a A Naturtex Kft. szerepe a helyi gazdaság fejlődésében
|h [elektronikus dokumentum] /
|c Ádám Bence Márton
|
| 246 |
1 |
0 |
|a The role of Naturtex Co. Ltd. in the development of local economy
|h [elektronikus dokumentum]
|
| 260 |
|
|
|c 2013
|
| 650 |
|
4 |
|a Gazdaságtudományok
|
| 700 |
1 |
|
|a Bajmócy Zoltán
|e ths
|
| 856 |
4 |
0 |
|u http://diploma.bibl.u-szeged.hu/id/eprint/57636/1/2013_marton_adam_bence.pdf
|z Dokumentum-elérés
|